| 000 | 00501nam a2200169 a 4500 | ||
|---|---|---|---|
| 005 | 20140310183335.0 | ||
| 008 | 060908s19uu xx 00 eng d | ||
| 020 | _a1578511828 | ||
| 050 |
_aHD 62.37 _b.H37 1999 |
||
| 245 | _aHarvard business review on managing high-tech industries / | ||
| 260 |
_aU.S.A : _bHarvard Business Review, _c1999. |
||
| 300 |
_a241 p. : _bill. ; _c22 cm. |
||
| 521 | _aBSBA | ||
| 650 |
_aHigh technology industries _xManagement. |
||
| 942 |
_cBK _2lcc _kFOR |
||
| 999 |
_c21668 _d21668 |
||